000 02692nam0a2200433 4500
001 RU\NLR\BIBL_A\012231525
005 20260407114658.0
035 _a(NLR Aleph) 012231525
090 _a10988075
_c10988075
100 _a20200221d1900 |||y0rusy50 ca
101 0 _arus
102 _aRU
105 _ay z 000zy
181 0 _ai
_baxxe
182 0 _an
200 1 _aО земских сметах и раскладках в Сибири на трехлетие 1900-1902 г.г.
_eпредставление Министра Финансов от 18 декабря 1899 г., за № 9767, при сем прилагается в печатном экземпляре
_fГосударственный Совет в Департаменте Государственной Экономии. Министерство Финансов. 20 января 1900 года. № 47
203 _aТекст
_bвизуальный
_cнепосредственный
210 _a[Cанкт-Петербург
_cб. и.]
_d1900
215 _a31 с.
_d33
300 _aВ конце текста: Подписали: Д. Сольский, Ф Тернер, П. Сабуров [и др.]; Скрепил: Статс-Секретарь Рухлов
300 _aНа 1-й, 5-й... с.: CXXIX, 1
309 _aБез тит. л. и обл.
601 0 1 _aРоссия
_bДепартамент государственной экономии
_jДокументы и материалы
_92388205
_3RU\NLR\AUTH\6601644949
606 1 _aПовинности земские
_yСибирь
_zкон. 19 - нач. 20 вв.
_92388174
_3RU\NLR\AUTH\6601644936
686 3 _aУ03(2)53-212.11,011
686 3 _aХ829(2)21
686 3 _aУ26(28)187.45
702 1 _4720
_8rus
_7ca
_aСольский
_bД. М.
_cгос. деятель
_f1833-1910
_gДмитрий Мартынович
_3RU\NLR\AUTH\7783181
_966109
702 1 _4720
_7ca
_8rus
_aТернер
_bФ. Г.
_cгос. деятель
_f1828-1906
_gФедор Густавович
_9156929
_3RU\NLR\AUTH\770156969
702 1 _4720
_aСабуров
_bП. А.
_cдипломат
_f1835-1918
_gПетр Александрович
_9164024
_3RU\NLR\AUTH\770164068
702 1 _4720
_7ca
_8rus
_aРухлов
_bС. В.
_f1852-1918
_gСергей Васильевич
_9197465
_3RU\NLR\AUTH\770197516
711 0 1 _aРоссия
_bМинистерство финансов
_3RU\NLR\AUTH\889947360
_9390360
712 0 1 _aРоссия
_bДепартамент государственной экономии
_3RU\NLR\AUTH\889933514
_9362122
852 _aNLR
_j135/294-347 (8)
942 _cBOOK
980 _aNB